Hand book of Income Tax-law and practice (Record no. 5814)

MARC details
000 -LEADER
fixed length control field 00532cam a2200193ua 4500
001 - CONTROL NUMBER
control field 6670
005 - DATE AND TIME OF LATEST TRANSACTION
control field 20260515114103.0
008 - FIXED-LENGTH DATA ELEMENTS--GENERAL INFORMATION
fixed length control field 140308n ii |||gr||||Z||||||eng
040 ## - CATALOGING SOURCE
Transcribing agency MAIN
082 ## - DEWEY DECIMAL CLASSIFICATION NUMBER
Classification number 336.24
245 ## - TITLE STATEMENT
Title Hand book of Income Tax-law and practice
Statement of responsibility, etc. By B. Bhattacharyya
250 ## - EDITION STATEMENT
Edition statement 2nd rev & enl ed.
260 ## - PUBLICATION, DISTRIBUTION, ETC.
Place of publication, distribution, etc. Calcutta:
Name of publisher, distributor, etc. Ideal book House,
Date of publication, distribution, etc. 1973.
300 ## - PHYSICAL DESCRIPTION
Extent x,411p.
653 ## - INDEX TERM--UNCONTROLLED
Uncontrolled term Public finance
653 ## - INDEX TERM--UNCONTROLLED
Uncontrolled term Hand book of Income Tax-law and practice
700 ## - ADDED ENTRY--PERSONAL NAME
Personal name Bhattacharyya,B.,
Relator term Author.
942 ## - ADDED ENTRY ELEMENTS (KOHA)
Koha item type Books
Holdings
Withdrawn status Lost status Damaged status Not for loan Home library Current library Shelving location Date acquired Total checkouts Full call number Barcode Date last seen Copy number Price effective from Koha item type
        Naharkatiya College Library Naharkatiya College Library General stacks 09/19/2020   336.24 | BHA 13912 09/19/2020 1 09/19/2020 Books